[Event "Joao Pessoa de Assis Memorial 3rd"]
[Site "Joao Pessoa"]
[Date "2023.10.21"]
[Round "3"]
[White "Urquiza, Marcello de Albuque"]
[Black "Canonico, Rodrigo"]
[Result "1-0"]
[WhiteElo "2016"]
[BlackElo "1714"]
[PlyCount "79"]
[EventDate "2023.10.20"]
[EventType "swiss"]
[EventRounds "6"]
[EventCountry "BRA"]
[SourceTitle "Mega2024 Update 01"]
[Source "Chessbase"]
[SourceDate "2023.11.12"]
[SourceVersion "1"]
[SourceVersionDate "2023.11.12"]
[SourceQuality "1"]

1. e4 e5 2. Nf3 Nc6 3. d4 exd4 4. Nxd4 Qh4 5. Nc3 Bb4 6. Be2 Qxe4 7. Ndb5 Bxc3+ 8. bxc3 Kd8 9. 0-0 a6 10. Nd4 Nxd4 11. cxd4 Nf6 12. Bf3 Qg6 13. Bf4 d6 14. Rb1 Rb8 15. c4 Bg4 16. c5 Bxf3 17. Qxf3 d5 18. c6 b5 19. Qa3 Rb6 20. Qc5 Qf5 21. Be5 Qe6 22. Bxf6+ gxf6 23. Rfe1 Qxc6 24. Qe7+ Kc8 25. Qxf7 Kb8 26. Rbc1 Qd6 27. Rc5 Rf8 28. Qxh7 Rc6 29. Rxc6 Qxc6 30. Qe7 Rh8 31. g3 Qc3 32. Qe3 Qc2 33. a3 Qh7 34. h4 Qg7 35. Qe6 Ka7 36. Qxd5 Rxh4 37. Qc5+ Kb8 38. Re7 Rh1+ 39. Kxh1 Qh6+ 40. Kg2 1-0

[Event "Joao Pessoa de Assis Memorial 2nd"]
[Site "Joao Pessoa"]
[Date "2022.10.23"]
[Round "5"]
[White "Urquiza, Marcello de Albuque"]
[Black "Hoffman, Alejandro"]
[Result "0-1"]
[WhiteElo "2038"]
[BlackElo "2378"]
[PlyCount "112"]
[EventDate "2022.10.21"]
[EventType "swiss"]
[EventRounds "6"]
[EventCountry "BRA"]
[SourceTitle "CBM 210 Extra"]
[Source "ChessBase"]
[SourceDate "2022.11.30"]
[SourceVersion "1"]
[SourceVersionDate "2022.11.30"]
[SourceQuality "1"]

1. e4 g6 2. d4 Bg7 3. Nf3 c5 4. Nc3 cxd4 5. Nxd4 Nc6 6. Be3 Nf6 7. Be2 0-0 8. Nb3 d6 9. 0-0 Be6 10. f4 Qc8 11. h3 Rd8 12. Nd4 d5 13. e5 Ne4 14. Qe1 Nxc3 15. Qxc3 Nxd4 16. Bxd4 Qxc3 17. Bxc3 Rac8 18. Rfd1 Bh6 19. Rd4 Bf5 20. Bg4 e6 21. Bxf5 gxf5 22. Kf2 Rd7 23. Kf3 Rdc7 24. Rad1 Bf8 25. g4 fxg4+ 26. hxg4 b5 27. a3 Bxa3 28. f5 Bc5 29. R4d2 b4 30. Bd4 Bxd4 31. Rxd4 a5 32. Ra1 Rc5 33. g5 exf5 34. Kf4 Rxc2 35. Rxa5 Rf2+ 36. Kg3 Rxb2 37. Raxd5 Rc3+ 38. Rd3 Kg7 39. Rxc3 bxc3 40. Rc5 Rb4 41. Rxc3 Kg6 42. Rc6+ Kxg5 43. Rf6 Rb2 44. Ra6 f4+ 45. Kf3 Kf5 46. Rh6 Rb3+ 47. Kf2 Kxe5 48. Rxh7 Ke4 49. Rh8 Rb2+ 50. Kf1 Ke3 51. Ra8 Rb1+ 52. Kg2 f3+ 53. Kg3 Rg1+ 54. Kh2 f2 55. Ra3+ Ke4 56. Ra4+ Kf5 0-1

[Event "Joao Pessoa de Assis Memorial 2nd"]
[Site "Joao Pessoa"]
[Date "2022.10.22"]
[Round "3"]
[White "Urquiza, Marcello de Albuque"]
[Black "Gazineu Neto, Rubens"]
[Result "1-0"]
[WhiteElo "2038"]
[BlackElo "1897"]
[PlyCount "97"]
[EventDate "2022.10.21"]
[EventType "swiss"]
[EventRounds "6"]
[EventCountry "BRA"]
[SourceTitle "CBM 210 Extra"]
[Source "ChessBase"]
[SourceDate "2022.11.30"]
[SourceVersion "1"]
[SourceVersionDate "2022.11.30"]
[SourceQuality "1"]

1. e4 c5 2. Nf3 d6 3. d4 cxd4 4. Qxd4 Nc6 5. Qe3 g6 6. c4 Bg7 7. Be2 Nf6 8. 0-0 0-0 9. Nc3 Qb6 10. Rb1 Qxe3 11. Bxe3 Bd7 12. h3 Rac8 13. Rbc1 b6 14. b3 h6 15. Rfd1 Be6 16. Nd4 Nxd4 17. Bxd4 Bd7 18. f4 Bc6 19. Bf3 Nd7 20. Bxg7 Kxg7 21. e5 Bxf3 22. gxf3 Rcd8 23. exd6 exd6 24. Rxd6 Nc5 25. Rcd1 Rc8 26. Kf2 Rfe8 27. Re1 Rxe1 28. Kxe1 Re8+ 29. Kf2 Re7 30. Rd2 Rb7 31. Nd5 Ne6 32. b4 Rb8 33. Ke3 Rc8 34. Kd3 f5 35. h4 Kf7 36. Kc3 g5 37. hxg5 hxg5 38. fxg5 Nxg5 39. Re2 Ne6 40. Re5 b5 41. Rxf5+ Kg7 42. c5 a5 43. a3 axb4+ 44. axb4 Ra8 45. Re5 Ra6 46. f4 Nd8 47. Nc7 Ra3+ 48. Kb2 Rf3 49. Re4 1-0

[Event "Niteroi op 2nd"]
[Site "Niteroi"]
[Date "2022.09.07"]
[Round "9"]
[White "Urquiza, Marcello de Albuque"]
[Black "Gauche, Charles"]
[Result "1/2-1/2"]
[WhiteElo "2031"]
[BlackElo "2219"]
[PlyCount "101"]
[EventDate "2022.09.01"]
[EventType "swiss"]
[EventRounds "9"]
[EventCountry "BRA"]
[SourceTitle "EXT 2024"]
[Source "ChessBase"]
[SourceDate "2023.10.10"]
[SourceVersion "1"]
[SourceVersionDate "2023.10.10"]
[SourceQuality "1"]

1. e4 e5 2. Nf3 Nf6 3. Nc3 Nc6 4. d4 exd4 5. Nxd4 Bb4 6. Nxc6 bxc6 7. Bd3 d6 8. h3 Nd7 9. Qg4 Bxc3+ 10. bxc3 Qf6 11. 0-0 0-0 12. Bd2 Ne5 13. Qg3 Qg6 14. Qxg6 hxg6 15. Be3 Re8 16. Rfe1 Nd7 17. f4 a5 18. Rab1 Nf6 19. Bf2 Nh5 20. f5 Nf4 21. fxg6 Nxg6 22. Bg3 Ne5 23. a3 Kf8 24. Rb2 f6 25. Reb1 Be6 26. Rb7 Rec8 27. Kf2 Ke7 28. Ke3 c5 29. Bxe5 fxe5 30. Bb5 Bd7 31. Bxd7 Kxd7 32. a4 Kc6 33. R7b5 Rf8 34. c4 Kd7 35. Ke2 Rf4 36. Ke3 Raf8 37. Re1 Rf2 38. Re2 Rf1 39. Rxa5 Ra1 40. c3 Ra3 41. Rc2 Rf1 42. Ra8 Kc6 43. Kd3 Raa1 44. Rd2 Rfc1 45. Rc8 Ra3 46. Rc2 Rxc2 47. Kxc2 Ra2+ 48. Kd3 Rxg2 49. h4 Rg3+ 50. Kc2 Rg4 51. Kd3 1/2-1/2

[Event "Niteroi op 2nd"]
[Site "Niteroi"]
[Date "2022.09.01"]
[Round "1"]
[White "Catalan Gonzalez, Arturo"]
[Black "Urquiza, Marcello de Albuque"]
[Result "0-1"]
[WhiteElo "1442"]
[BlackElo "2031"]
[PlyCount "48"]
[EventDate "2022.09.01"]
[EventType "swiss"]
[EventRounds "9"]
[EventCountry "BRA"]
[SourceTitle "CBM 210 Extra"]
[Source "ChessBase"]
[SourceDate "2022.11.30"]
[SourceVersion "1"]
[SourceVersionDate "2022.11.30"]
[SourceQuality "1"]

1. e4 c5 2. Nc3 e6 3. g3 Nc6 4. Bg2 g6 5. d3 Bg7 6. f4 d6 7. Nf3 Nge7 8. 0-0 0-0 9. h3 Rb8 10. g4 b5 11. Qe1 Nd4 12. Qd1 Nec6 13. Ne2 b4 14. Ng3 c4 15. dxc4 Ba6 16. Qd3 d5 17. Qd2 Bxc4 18. Rd1 dxe4 19. Nxe4 Qb6 20. Kh1 Rbd8 21. Qf2 Be2 22. Rd2 Nxf3 23. Bxf3 Qxf2 24. Nxf2 Bxf3+ 0-1

[Event "BRA-ch Seniors 50"]
[Site "Joao Pessoa"]
[Date "2022.08.20"]
[Round "4"]
[White "Urquiza, Marcello de Albuque"]
[Black "Lima, Darcy Gustavo Macha"]
[Result "1/2-1/2"]
[WhiteElo "2018"]
[BlackElo "2430"]
[PlyCount "36"]
[EventDate "2022.08.19"]
[EventType "k.o."]
[EventRounds "5"]
[EventCountry "BRA"]
[SourceTitle "CBM 210 Extra"]
[Source "ChessBase"]
[SourceDate "2022.11.30"]
[SourceVersion "1"]
[SourceVersionDate "2022.11.30"]
[SourceQuality "1"]

1. e4 e6 2. d4 d5 3. Nd2 Be7 4. Ngf3 Nf6 5. Bd3 c5 6. exd5 Qxd5 7. 0-0 cxd4 8. Bc4 Qd6 9. Nb3 e5 10. Qe2 Nc6 11. Bb5 Nd7 12. Re1 0-0 13. Bxc6 Qxc6 14. Nbxd4 Qb6 15. Nb5 Bc5 16. Nc3 f6 17. Qc4+ Kh8 18. Ne4 Qc6 1/2-1/2

[Event "BRA-ch Seniors 50"]
[Site "Joao Pessoa"]
[Date "2022.08.19"]
[Round "2"]
[White "Leao, Flavio Sanchez"]
[Black "Urquiza, Marcello de Albuque"]
[Result "1/2-1/2"]
[WhiteElo "1824"]
[BlackElo "2018"]
[PlyCount "51"]
[EventDate "2022.08.19"]
[EventType "k.o."]
[EventRounds "5"]
[EventCountry "BRA"]
[SourceTitle "CBM 210 Extra"]
[Source "ChessBase"]
[SourceDate "2022.11.30"]
[SourceVersion "1"]
[SourceVersionDate "2022.11.30"]
[SourceQuality "1"]

1. e4 c5 2. Nf3 e6 3. d4 cxd4 4. Nxd4 a6 5. Nc3 Qc7 6. a3 Nf6 7. Bg5 Be7 8. Qd2 0-0 9. 0-0-0 b5 10. f4 b4 11. axb4 Bxb4 12. Bxf6 Bxc3 13. Qxc3 Qxf4+ 14. Kb1 gxf6 15. Rd3 Bb7 16. Rg3+ Kh8 17. Qb4 Nc6 18. Qxb7 Nxd4 19. Bxa6 Rfb8 20. Qxd7 Rxa6 21. Qxd4 Rba8 22. b3 Qe5 23. Qxe5 fxe5 24. Kb2 Ra2+ 25. Kc3 Rc8+ 26. Kb4 1/2-1/2

[Event "BRA-ch U2300 Amateurs"]
[Site "Sao Paulo"]
[Date "2022.06.18"]
[Round "5"]
[White "Urquiza, Marcello de Albuque"]
[Black "Caetano, Ryan Wesley da Cost"]
[Result "0-1"]
[WhiteElo "2028"]
[BlackElo "2189"]
[PlyCount "100"]
[EventDate "2022.06.16"]
[EventType "swiss"]
[EventRounds "7"]
[EventCountry "BRA"]
[SourceTitle "CBM 208 Extra"]
[Source "ChessBase"]
[SourceDate "2022.07.31"]
[SourceVersion "1"]
[SourceVersionDate "2022.07.31"]
[SourceQuality "1"]

1. e4 c5 2. Nf3 d6 3. d4 cxd4 4. Qxd4 Nc6 5. Qe3 Nf6 6. c4 g6 7. Be2 Bg7 8. 0-0 0-0 9. Nc3 Qb6 10. Rb1 Nd7 11. Rd1 Qxe3 12. Bxe3 Bxc3 13. bxc3 b6 14. Nd4 Bb7 15. Bg5 Nxd4 16. Rxd4 Rfe8 17. Bg4 Nc5 18. f3 Bc8 19. Bxc8 Raxc8 20. a4 Ne6 21. Rd5 Rxc4 22. a5 f5 23. Bd2 fxe4 24. axb6 axb6 25. Rxb6 exf3 26. gxf3 Ng7 27. Ra5 Nf5 28. Kf2 Kf7 29. Rb7 Rcc8 30. Rab5 Ra8 31. Rb2 Ra1 32. Kg2 Rea8 33. Rc2 R1a2 34. Rbb2 Rxb2 35. Rxb2 Ke6 36. Kf2 Ra4 37. f4 d5 38. Kf3 Ra3 39. Ke2 Nd6 40. Be1 Kf5 41. Rd2 e6 42. Rb2 Nc4 43. Rb7 Ke4 44. Rxh7 Ra2+ 45. Kf1 Ne3+ 46. Kg1 Rg2+ 47. Kh1 Re2 48. Bg3 Rc2 49. h3 Kf3 50. Bh2 Nf1 0-1

[Event "Joao Pessoa Fischer Memorial 11th"]
[Site "Joao Pessoa"]
[Date "2022.05.06"]
[Round "2"]
[White "Urquiza, Marcello de Albuque"]
[Black "Da Silva, Joao Carlos Orguim"]
[Result "1-0"]
[WhiteElo "2027"]
[BlackElo "1781"]
[PlyCount "137"]
[EventDate "2022.05.06"]
[EventType "swiss"]
[EventRounds "6"]
[EventCountry "BRA"]
[SourceTitle "EXT 2023"]
[Source "ChessBase"]
[SourceDate "2022.10.05"]
[SourceVersion "1"]
[SourceVersionDate "2022.10.05"]
[SourceQuality "1"]

1. e4 c5 2. Nf3 g6 3. d4 cxd4 4. Nxd4 Bg7 5. Nc3 Nc6 6. Be3 Nf6 7. Be2 0-0 8. Nb3 d6 9. 0-0 Be6 10. f4 Na5 11. f5 Bc4 12. Nxa5 Bxe2 13. Qxe2 Qxa5 14. Bd4 Rac8 15. a3 a6 16. Kh1 b5 17. Bxf6 Bxf6 18. Nd5 Qa4 19. c3 Qc4 20. Qc2 Qc5 21. Nxf6+ exf6 22. Rad1 Qc4 23. Rf2 Rc6 24. h3 g5 25. Rfd2 Re8 26. Rd4 Qc5 27. Qd2 Rd8 28. Rd5 Qc4 29. e5 Kg7 30. exd6 Rd7 31. Re1 Rc5 32. Rd4 Qa2 33. g4 h6 34. Re2 Re5 35. Qe1 Rd5 36. Qd1 R7xd6 37. Red2 Rxd4 38. cxd4 Qd5+ 39. Kh2 Qe4 40. d5 h5 41. Rd4 Qe5+ 42. Kg2 hxg4 43. hxg4 Qe3 44. Rd3 Qe4+ 45. Qf3 Qe5 46. Rd2 Rd8 47. Qg3 Rxd5 48. Rxd5 Qxd5+ 49. Qf3 Qd4 50. Qe2 Qe5 51. Kf3 Kf8 52. Qxe5 fxe5 53. f6 Ke8 54. Ke4 Kd7 55. Kxe5 a5 56. Kd5 b4 57. axb4 axb4 58. b3 Kc7 59. Kc5 Kd7 60. Kxb4 Ke6 61. Kc5 Kxf6 62. b4 Ke7 63. b5 f5 64. gxf5 g4 65. Kd4 Kf6 66. Ke4 Kg5 67. b6 g3 68. Kf3 Kxf5 69. b7 1-0

[Event "Florianopolis op 8th"]
[Site "Florianopolis"]
[Date "2022.01.28"]
[Round "7"]
[White "Urquiza, Marcello de Albuque"]
[Black "Bonvini, Alberto Tonhati"]
[Result "1-0"]
[WhiteElo "2099"]
[BlackElo "1941"]
[PlyCount "107"]
[EventDate "2022.01.24"]
[EventType "swiss"]
[EventRounds "10"]
[EventCountry "BRA"]
[SourceTitle "CBM 206 Extra"]
[Source "ChessBase"]
[SourceDate "2022.03.31"]
[SourceVersion "1"]
[SourceVersionDate "2022.03.31"]
[SourceQuality "1"]

1. e4 e5 2. Nf3 Nc6 3. Bb5 a6 4. Ba4 Nf6 5. 0-0 b5 6. Bb3 Be7 7. Qe2 d6 8. c3 0-0 9. h3 Na5 10. Bc2 c5 11. d4 Qc7 12. d5 h6 13. Nbd2 Nh7 14. g4 Rb8 15. b3 h5 16. Nh2 h4 17. Ndf3 g5 18. Be3 f6 19. Rfd1 Qd8 20. Nd2 Rf7 21. b4 Nb7 22. a4 Qe8 23. axb5 axb5 24. Ra7 Bd8 25. Rda1 Nf8 26. Nb3 c4 27. Nd2 Ng6 28. Nhf1 Bc7 29. Kh2 Qd8 30. R1a6 Qe8 31. f3 Nd8 32. Ra3 Bb6 33. Bxb6 Rxb6 34. Qf2 Rb8 35. Ne3 Nf4 36. Ndf1 Rfb7 37. Nf5 Bxf5 38. gxf5 Nf7 39. Ne3 Qd8 40. Ng4 Kg7 41. Bd1 Qb6 42. Qxb6 Rxb6 43. Ne3 Nd3 44. Nc2 Nb2 45. Be2 Kf8 46. Kg2 Ke8 47. Kf2 R8b7 48. R7a5 Kd7 49. Ke3 Kc7 50. Ra2 Na4 51. Kd2 g4 52. hxg4 Ng5 53. Ra1 h3 54. Rh1 1-0